00707 2200253 4500001002100000005001700021008004100038020002200079035002400101041000800125043001300133082001000146090002000156100002000176245009500196250001000291260003100301300003400332650002100366700001400387700001800401850001200419999002200431YOGYA-0511000000145920110525085050.0 ind  a978-979-21-2525-2 0010-051100000001458 aInd aYOPD DIY a028.5 aDep 028.5 Kri A aKRISTIANI, Dian aAduh, Reni kena percikan minyak!cDian Kristiani;ilustrator,Rengga AB;editor,Rosalia Emmy. acet 1 aYogyakartabKanisiusc2010 a28 (42) hlmbilusc19 x 21 cm aBacaan Bergambar aRengga AB aEmmy, Rosalia aYOPDYOG aCB-D.11 2010-1352